=LDR 00000nam 2200000 4500 =001 INLIS000000000041860 =005 20231212015428 =035 ##$$a 0010-061300000041860 =008 231212###########################0###### =041 ##$$a Ind =082 ##$$a 155.5 =090 ##$$a 150, Pen p =245 1#$$a Psikologi remaja, Panut Paniju, Ida Umami =260 ##$$a 1999 :$b Yogyakarta =300 ##$$a xi, 174 hlm., 14 cm =650 #4$$a Psikologi Remaja =850 ##$$a NBPNMAT =084 ##$$a 155.5 PAN p =100 ##$$a Panut Paniju